[Event "Tiraspol"]
[Site "Tiraspol"]
[Date "1994.??.??"]
[Round "3"]
[White "Vasiukov, Evgeni"]
[Black "Nevednichy, Vladislav"]
[Result "1-0"]
[WhiteElo "2505"]
[BlackElo "2480"]
[Annotator "Stohl,I"]
[PlyCount "95"]
[EventDate "1994.??.??"]
[EventType "tourn"]
[EventRounds "9"]
[EventCountry "MDA"]
[EventCategory "10"]
[SourceTitle "CBM 040"]
[Source "ChessBase"]
[SourceDate "1994.06.01"]
[SourceVersion "1"]
[SourceVersionDate "1994.06.01"]
[SourceQuality "1"]

1. e4 g6 2. d4 Bg7 3. Nf3 d6 4. Bc4 c6 5. Nc3 Nf6 6. e5 $5 (6. Bb3 O-O (6... b5
7. e5 $1 dxe5 8. Nxe5 O-O 9. O-O a6 10. Re1 Bb7 11. Qe2 Nbd7 12. Bg5 Nb6 13.
Rad1 Nbd5 14. Nxd5 cxd5 15. c3 Ne4 16. Bh4 Qc7 17. Nd3 Rfe8 18. a4 e6 19. axb5
axb5 20. Nb4 Qb6 21. Bc2 $14 {Emms,J-Hutchinson,P/GB-ch/1991/}) 7. O-O Bg4 8.
h3 Bxf3 9. Qxf3 e6 10. Bg5 h6 11. Bh4 Nbd7 12. Rad1 Qa5 13. Rfe1 d5 14. a3 b5
15. e5 Nh7 16. Na2 Qb6 17. c3 c5 18. Nc1 cxd4 19. cxd4 Rac8 $132 {Hassapis,
D-Murshed,N/Eastbourne ch-GB/1990/}) 6... dxe5 7. Nxe5 O-O 8. O-O $14 {()} Nbd7
(8... Nfd7 9. Qe2 Nxe5 10. dxe5 b5 11. Bd3 b4 12. Ne4 $6 (12. Na4 $14) 12...
Bxe5 13. Bh6 Bxb2 14. Rab1 Bg7 15. Bxg7 Kxg7 16. Rxb4 a5 17. Rbb1 Nd7 18. Qe3
Nf6 19. Qc5 Be6 $17 {Sulskis,S-Maciejewski,A/Warsaw op/1992/}) 9. Bb3 $146 (9.
Bf4 Nb6 10. Bb3 Nbd5 11. Nxd5 Nxd5 12. Bg3 Be6 13. Re1 a5 14. a4 Qb6 15. h4
Rad8 16. h5 Bf5 17. hxg6 hxg6 18. c3 c5 19. dxc5 Qxc5 20. Qe2 $36 {Mortensen,
E-Norwood,D/Reykjavik tt/1990/}) (9. Bg5 Nb6 10. Bb3 Nfd5 11. Nxd5 cxd5 12. Bh4
Be6 (12... Bf6 13. Bg3 Bf5 14. c3 Rc8 15. Qe2 h5 16. Bf4 Kg7 17. f3 e6 18. h3
g5 19. g4 $5 $36 {Votava,J-Tkebuchava,G/Morava C/1991/}) 13. c3 Nc4 14. Re1
Nxe5 15. dxe5 Qc7 16. Qd4 Rfd8 17. Rad1 a5 18. Ba4 Bf8 19. Bb5 $14 {Akopian,
V-Lukin,A/URS-sf Daugavpils/1989/}) (9. f4 $5 Nb6 10. Bb3 Nfd5 11. Ne4 f6 12.
Nf3 Kh8 13. c4 Nc7 14. Be3 Be6 15. Rc1 Bg8 16. Re1 Nc8 17. Nc3 b5 18. cxb5 cxb5
19. Bxg8 Rxg8 20. f5 $1 $16 {Vasiukov,E-Kantsler,B/Belgorod/1990/}) 9... Nxe5 (
9... c5 $5 10. Nxd7 Nxd7 11. d5 $14) 10. dxe5 Ng4 (10... Nd5 $5 11. Nxd5 cxd5
12. Re1 $14) 11. Qxd8 Rxd8 12. f4 $16 {/\h3,g4|^>>} h5 13. Ne4 Bf5 14. Ng5 e6
15. h3 Nh6 16. Be3 {><d6,Nh6} Bf8 (16... Kf8 17. Rfd1 Ke8 18. Bc5 $16) 17. Rfd1
c5 18. Kf2 Be7 (18... h4 $6 19. Kf3 {/\Bf2><h4}) 19. Ke2 Kg7 20. a4 b6 21. c3
Ng8 22. Nf3 (22. Kf3 Bd3 $5 {/\c4<=>}) 22... Be4 23. Bc4 Rxd1 (23... Kf8 24. a5
$16) 24. Rxd1 Rd8 25. Rg1 $5 Bd5 (25... Bc6 26. Bb5 $5 $16) 26. Bxd5 Rxd5 (
26... exd5 27. g4 hxg4 28. hxg4 {/\f5} f6 29. e6 $16 {/\f5}) 27. g4 hxg4 28.
hxg4 f6 (28... Bd8 29. a5 $5 b5 30. b4 $16) 29. exf6+ Bxf6 (29... Nxf6 30. Ne5
$16 {/\Nc6}) 30. a5 $1 bxa5 (30... b5 31. Rd1 $1 Rxd1 32. Kxd1 Be7 33. Ne5 $18
{ק}) 31. Ra1 g5 (31... Bd8 32. Ne5 $18 {/\Nc4,c4}) 32. fxg5 Bd8 33. Ra4 {
ק,/\c4} (33. c4 $5 $18) 33... Ne7 34. Re4 Bb6 (34... Kf7 35. Ne5+ Kg7 36. Nd3
$18) 35. Rxe6 $18 Ng6 36. c4 Rd8 37. Ne5 Nxe5 38. Rxe5 Rb8 39. Kd3 a4 40. Rd5 (
40. Bxc5 $6 Bxc5 41. Rxc5 Rxb2 $16) 40... a3 41. bxa3 Bd8 42. Kc2 Bb6 43. Bf4
Rc8 44. Rd7+ Kg6 45. Rd6+ Kf7 46. Kd3 Re8 47. Rd5 Re6 48. a4 {/\Rd6} 1-0

[Event "Tbilisi"]
[Site "Tbilisi"]
[Date "1991.??.??"]
[Round "?"]
[White "Efimov, Igor"]
[Black "Gaprindashvili, Nona"]
[Result "1-0"]
[WhiteElo "2470"]
[BlackElo "2450"]
[Annotator "Stohl,I"]
[PlyCount "95"]
[EventDate "1991.05.??"]
[EventType "tourn"]
[EventRounds "11"]
[EventCountry "GEO"]
[EventCategory "9"]
[SourceTitle "CBM 024"]
[Source "ChessBase"]
[SourceDate "1991.10.01"]
[SourceVersion "1"]
[SourceVersionDate "1991.10.01"]
[SourceQuality "1"]

1. d4 d6 2. e4 Nf6 3. Nc3 g6 4. Nf3 Bg7 5. h3 O-O 6. Be3 b6 (6... a6 7. a4 (7.
e5 $5) 7... Nc6 (7... b6 8. Bd3 (8. Bc4 e6 9. O-O d5 10. Bd3 dxe4 11. Nxe4 Bb7
12. Nxf6+ Bxf6 13. Qe2 Nd7 14. Rad1 Qe7 15. Rfe1 c5 16. c3 cxd4 17. Nxd4 Nc5
$10 {Novikov,I-Espig,L,Budapest Perenyi-B 1989-TD89_11}) 8... Bb7 9. O-O e6 (
9... c5 10. d5 $14) 10. Qd2 Nbd7 11. Bh6 e5 12. Bxg7 Kxg7 13. d5 $14 {()
Larsen,B-Hodgson,J,New York WFW 1990-CBM 20}) 8. Be2 e5 9. O-O exd4 10. Nxd4
Re8 11. Nxc6 bxc6 12. Bf3 Rb8 13. Rb1 Rb4 14. Qd2 c5 15. Rfd1 Bd7 16. b3 Qc8
$10 {Ye Jiangchuan-Ehlvest,J,Luzern tt 1989-CBM 16}) (6... d5 $5 7. e5 Ne4 8.
Bd3 Nxc3 9. bxc3 c5 $132) 7. e5 $5 {N} (7. Bd3 Bb7 8. O-O c5 9. d5 Na6 10. Re1
Nc7 11. a4 e6 12. dxe6 Nxe6 13. Ng5 d5 14. Nxe6 fxe6 $13 {Galalgher,
J-Fioramonti,H,Biel op 1989}) 7... Nfd7 (7... Ne8 8. Be2 Bb7 9. O-O $14) 8. e6
$1 fxe6 9. Ng5 Nf6 10. Bc4 d5 $8 11. Be2 $146 c5 12. dxc5 (12. Nf3 $5 $146)
12... Nc6 $2 (12... e5 $5 $13) 13. Bb5 $1 Qc7 14. cxb6 axb6 15. O-O $16 {
><e5,e6} Rd8 16. Bxc6 Qxc6 17. Bd4 {/\Nf3-e5} e5 $5 18. Bxe5 d4 (18... Bb7 19.
Qd4 $16) 19. Ne2 (19. Bxd4 $2 e5) 19... Bb7 20. Nf3 Qc5 21. Bxd4 (21. Bg3 Bxf3
22. gxf3 Nh5 $146) 21... Bxf3 (21... Qh5 22. Ng3 Bxf3 23. Nxh5 Bxd1 24. Nxf6+
Bxf6 25. Bxf6 $18) (21... Qf5 $5 22. Qd3 $16) 22. Bxc5 $1 (22. gxf3 $2 Qg5+ {
/\e5}) 22... Rxd1 23. Rfxd1 Bxe2 24. Re1 bxc5 (24... Ba6 25. Bxe7 Nd5 26. c3
$18) 25. Rxe2 Kf7 26. c3 Ne8 27. a4 Nd6 28. a5 Ra6 29. Ra4 {/\b4} c4 30. Rd2
Ke6 31. f4 Bf6 32. g4 g5 33. f5+ Ke5 $2 (33... Kd7 $142 $5 $16) 34. Ra1 $40 Ke4
35. Kf2 Kf4 36. Re2 {/\Rf1,Kg2#} Nxf5 $8 37. gxf5 $18 Kxf5 38. Ra4 h5 39. Re1
g4 40. hxg4+ hxg4 41. Rf1 (41. Rea1 $5 {/\Rc4}) 41... Be5 42. Ke3+ Kg5 43. Ke4
Bh2 44. Rf5+ Kg6 45. Rf2 g3 46. Rc2 Bg1 47. Kf3 Bf2 48. Re2 {/\Re4 Stohl,I} 1-0

[Event "Bonn GSK"]
[Site "Bonn"]
[Date "1996.??.??"]
[Round "?"]
[White "Kengis, Edvins"]
[Black "Gurevich, Mikhail"]
[Result "1/2-1/2"]
[WhiteElo "2560"]
[BlackElo "2605"]
[Annotator "Stohl,I"]
[PlyCount "63"]
[EventDate "1996.08.??"]
[EventType "tourn"]
[EventRounds "12"]
[EventCountry "GER"]
[EventCategory "12"]
[SourceTitle "CBM 056"]
[Source "ChessBase"]
[SourceDate "1997.02.01"]
[SourceVersion "1"]
[SourceVersionDate "1997.02.01"]
[SourceQuality "1"]

1. e4 {Gurevich,M} d6 2. d4 Nf6 3. Nc3 g6 4. Nf3 Bg7 5. Be2 O-O 6. O-O Bg4 7.
Be3 Nc6 8. d5 Bxf3 9. Bxf3 Ne5 10. Be2 c6 11. a4 (11. f4 Ned7 12. dxc6 (12. Bd4
a6 13. Bf3 Qc7 14. Qd2 c5 $6 {[%csl Gd5,Ge4,Gf4] A positional mistake,
realeasing the tension gives White a free hand in the center.} (14... e5 $142
$5 $13) 15. Bf2 b5 16. Rae1 Nb6 17. e5 Nc4 18. Qe2 Ne8 19. b3 Na3 20. Nb1 Nxb1
21. Rxb1 Rb8 22. Rbe1 Qa5 23. Bh4 Rb7 24. c4 f6 25. Bg4 $16 {Chuprov,
D-Pospelov,E/Zalakaros op/1996/}) (12. a4 Qa5 13. Ra3 cxd5 14. Nxd5 Nxd5 15.
Qxd5 Qxd5 16. exd5 Bxb2 17. Rb3 Bf6 18. Rxb7 Nb6 19. Bxb6 axb6 20. Bb5 Rab8 21.
Rc7 Rbc8 22. Rc6 Bd4+ $10 {Boensch,U-Movsziszian,K/Bad Wörishofen/1996/}) 12...
bxc6 13. Qd3 $5 (13. Qd2 Qa5 14. a3 Rfd8 15. Bf3 Rab8 16. b4 Qc7 17. Rfd1 Nb6
18. Qd3 d5 19. e5 Nfd7 20. Bf2 e6 21. Re1 Nc4 22. Rab1 Nxa3 23. Nxd5 cxd5 24.
Qxa3 Rb7 25. c3 Nb6 26. Bd4 Nc4 $10 {Roy Chowdhury,S-Anilkumar,N/Calcutta op/
1996/}) 13... Qb8 14. a3 Nc5 $6 (14... Rd8 $142 $1 $14) 15. Bxc5 dxc5 16. e5
Nd5 17. Na4 $1 f6 18. c4 Nb6 19. Nxc5 fxe5 20. Ne6 Rf6 21. f5 Qd6 22. g4 gxf5
23. gxf5 Qxd3 24. Bxd3 e4 25. Bxe4 Nxc4 26. Bxc6 Rb8 27. Rae1 Rxb2 28. Rf4 Nd2
29. Rg4 Rf7 {Hracek,Z-Ftacnik,L/Jerevan olm/1996/} 30. Kh1 $1 $18) 11... Qa5
12. Ra3 Ned7 $5 (12... Rfc8 13. Rb3 Rab8 14. Qd4 a6 15. Qb6 Qxb6 16. Bxb6 Nfd7
(16... Ra8 $142 $10) 17. Ba7 Nc5 18. Ra3 Ra8 19. Bxc5 dxc5 20. f4 Nd7 21. Bg4
Bd4+ 22. Kh1 Rc7 23. dxc6 bxc6 24. Nd1 c4 25. Be2 Rb7 26. c3 Bc5 27. Ra1 a5 28.
Bxc4 $14 {Hellers,F-Schlosser,M/Adelaide-WchJ/1988/}) 13. Bd2 $146 (13. Rb3
Rab8 {[%cal Rd7c5] /\Nc5} 14. Qd4 Nc5 $19 15. Rb4 Nxd5) (13. Qd2 Nc5 (13...
cxd5 14. exd5 Rfc8 15. f4 Nb6 16. Rb3 Nc4 17. Bxc4 Rxc4 18. Rxb7 Ng4 19. Kh1
Qa6 20. Rb5 Rxa4 21. Rb1 Nxe3 22. Qxe3 Bxc3 23. bxc3 Qxb5 24. Rxb5 Ra1+ 25. Qg1
Rxg1+ 26. Kxg1 Rc8 $17 {Bogaerts,J-McNab,C/Ostende op/1991/}) (13... Rfb8 14.
Rd1 Nc5 15. f3 Qb4 16. a5 cxd5 17. exd5 b6 18. Nb5 Qxd2 19. Rxd2 a6 20. Nc7 Ra7
21. Nxa6 $1 Rxa6 22. Bxa6 Nxa6 23. axb6 $36 {Wolff,P-Seirawan,Y/New York op/
1990/}) (13... Rfc8 14. Rb1 Qc7 15. a5 a6 16. Rd1 cxd5 (16... Nc5 17. f3 Ncd7
18. Bf1 h5 $132 {1/2,Ye Jiangchuan-Ftacnik,L/Novi Sad olm/1990/}) 17. exd5 Nc5
18. f3 Nfd7 19. b4 Nb3 20. Rxb3 Bxc3 21. Qc1 e5 22. dxe6 fxe6 23. Rd3 Bg7 24.
c4 b5 25. axb6 Nxb6 26. Rd1 {1/2,Gavrikov,V-Ftacnik,L/Wien op/1990/}) 14. dxc6
bxc6 15. e5 Ne8 16. exd6 Nxd6 17. Ne4 Qxd2 18. Nxd2 Ne6 19. Nc4 Nd4 20. Bxd4
Bxd4 21. Rb3 Rfb8 22. Na5 Rxb3 23. cxb3 Rc8 24. Bf3 c5 25. Nc6 $132 {Ostenstad,
B-Yrjola,J/Esboo zt/1989/}) (13. Bd4 Ne8 14. Bxg7 Kxg7 15. Qd4+ Nef6 16. g4 Qc5
17. Qd2 cxd5 18. exd5 Nb6 19. b4 Qxb4 20. Rb3 Qc5 21. Rb5 Qc7 22. g5 Nfd7 23.
Qd4+ Kg8 24. a5 Rfc8 25. Ne4 Nc4 26. f4 a6 $17 {Lengyel,B-Zimmerman,Y/
Budapest2/1994/}) (13. Qb1 Rfc8 14. Rd1 cxd5 15. exd5 a6 16. Bd4 Ne8 17. Bg4
Qd8 18. a5 Rc4 19. Bxg7 Kxg7 20. Be2 Rcc8 21. b4 Qc7 22. Rc1 Nef6 23. Qa2 b5
24. axb6 {1/2,Chiburdanidze,M-Schlosser,M/Sochi-A/1989/}) 13... Rfc8 (13... Qc7
{Gurevich,M} 14. a5 $14) 14. dxc6 (14. Re1 Qc7 $10) 14... bxc6 (14... Rxc6 $5
15. Nd5 Qd8 16. Bb5 Rcc8 $10) 15. Nd5 Qd8 16. Nxf6+ Nxf6 (16... Bxf6 17. b4 d5
$132) 17. Bf3 Rab8 18. b4 d5 $1 $10 19. Rd3 (19. exd5 $6 cxd5 20. Rd3 (20. Re1
{Gurevich,M} e6 $15 {(/\Nf6-d7-e5)}) 20... e6 $36 {[%csl Rc2] ><c2}) 19... e6 (
19... Qc7 $5 20. exd5 (20. Re1 e6 {[%cal Rf6d7,Rd7e5] /\Nd7-e5=/+}) 20... cxd5
21. Bxd5 Nxd5 22. Rxd5 Qxc2 23. Qxc2 Rxc2 24. Rd1 $10) 20. c4 {[#]} Nd7 $1 $8 {
Ne5} 21. cxd5 cxd5 22. exd5 Ne5 23. Rb3 exd5 (23... Nxf3+ {Gurevich,M} 24. Qxf3
Qxd5 25. Qxd5 exd5 26. b5 Rc2 27. Rd1 $14) 24. Bf4 (24. Be2 $5 d4 25. Bf4 Qd5
$13) 24... Rc4 25. Bxe5 Bxe5 26. Qxd5 (26. Qd2 Qd6 $10) 26... Qxd5 27. Bxd5 Rd4
(27... Rcxb4 28. Rf3 Rf4 $10) 28. Bc6 Rbxb4 29. Rxb4 Rxb4 30. Re1 (30. g3 {
Gurevich,M} Rb2 31. Rd1 Bc7) 30... Rb2 31. Kf1 Bd4 32. Re2 (32. Re2 Rb1+ 33.
Re1 Rb2 $10 (33... Rxe1+ $10)) 1/2-1/2

[Event "Hafnarfirdi"]
[Site "Hafnarfirdi"]
[Date "1992.??.??"]
[Round "6"]
[White "Howell, James C"]
[Black "Petursson, Margeir"]
[Result "1/2-1/2"]
[WhiteElo "2465"]
[BlackElo "2555"]
[Annotator "Stohl,I"]
[PlyCount "131"]
[EventDate "1992.03.??"]
[EventType "tourn"]
[EventRounds "11"]
[EventCountry "ISL"]
[EventCategory "7"]
[SourceTitle "CBM 029"]
[Source "ChessBase"]
[SourceDate "1992.08.01"]
[SourceVersion "1"]
[SourceVersionDate "1992.08.01"]
[SourceQuality "1"]

1. e4 g6 2. d4 Bg7 3. Nc3 c6 4. Bc4 d6 (4... d5 5. exd5 b5 6. Bb3 b4 7. Nce2
cxd5 8. Bd2 Na6 9. a3 bxa3 10. Rxa3 Nc7 11. Nf3 Nf6 12. Ne5 O-O 13. Bb4 Ba6 14.
O-O Re8 15. Re1 e6 16. Nc3 Bf8 17. Nc6 $16 {Kudrin,S-Gufeld,E,Kusadasi op
1990-EXP 18}) 5. Bb3 (5. Qe2 Nd7 (5... Nf6 $142 {-B07}) 6. Nf3 e6 7. Bf4 Qc7 8.
a4 Ne7 9. O-O h6 10. Rfd1 O-O 11. Bg3 a5 12. Bb3 Nb6 13. Qe3 Bd7 14. Nd2 Rad8
15. Nc4 Nxc4 16. Bxc4 Bc8 17. Bb3 b6 18. Rd2 $14 {(),Wittmann,W-Lau,R,Munich
zt 1987-CBM 03}) (5. Qf3 $1 e6 6. Bf4 $5 (6. Nge2 Nd7 (6... Qe7 7. a4 Nd7 8.
O-O Ngf6 9. a5 e5 10. d5 c5 11. a6 $1 bxa6 12. Bxa6 O-O 13. Nb5 Nb6 14. Bg5 h6
15. Bxf6 Bxf6 16. Bxc8 $16 {Glek,I-Niesel,M,Werfen op 1991-TD91_08}) 7. O-O
Ngf6 8. Bb3 O-O 9. Bg5 Qe7 10. Rad1 h6 11. Bh4 e5 12. Qe3 Re8 13. f4 exd4 14.
Qxd4 Nxe4 15. Bxe7 Bxd4+ 16. Rxd4 Nxc3 17. Nxc3 Rxe7 18. Rxd6 Nf8 19. Rd8 b6
20. a4 $1 $36 {׫_|_,Nunn,J-Fauland,A,Vienna 1991-CBM 26}) 6... Ne7 7. Qg3 d5
8. Bxb8 dxc4 9. Bc7 Qd7 10. Nf3 f6 11. Bd6 b5 12. O-O-O Ba6 13. Bc7 $16 {
Brauning,R-Rakic,T,Munich op 1992}) (5. Nf3 b5 $6 (5... Nf6 $142 {-B08}) 6. Bb3
b4 7. Na4 Nf6 8. e5 Nd5 9. O-O O-O 10. h3 Na6 11. a3 bxa3 12. Rxa3 Nac7 13. c4
Nb4 14. exd6 exd6 15. Bg5 f6 16. Bf4 Kh8 17. Qd2 $16 {Ivanov,AV-Orlov,G,US-op
Los Angeles 1991-TD91_09}) 5... Nf6 6. Nf3 O-O 7. O-O (7. h3 Qc7 8. a4 e5 9.
dxe5 dxe5 10. a5 Na6 11. Be3 b5 $6 (11... Qe7 $142 $132 {/\Nc5}) 12. axb6 axb6
13. Na4 c5 14. Nd2 Bb7 15. Nc3 Rfd8 16. Qe2 Nb4 17. Rxa8 Rxa8 18. O-O Nc6 19.
Nb5 Qd7 20. Nc4 $16 {Schlosser,M-Norwood,D,Prestwich 1990-CBM 18}) (7. Bg5 $6
Qa5 8. Qe2 Bg4 9. Bd2 Qh5 10. h3 Nfd7 $1 11. Be3 c5 12. O-O-O Bxf3 13. Qxf3
Qxf3 14. gxf3 cxd4 15. Bxd4 Bxd4 16. Rxd4 Nc6 17. Rd2 Nc5 $15 {_|_,Saravan,
V-Bologan,V,Calcutta op 1992-EXP 27}) 7... Bg4 8. h3 Bxf3 9. Qxf3 Nfd7 $5 {N} (
9... e6 10. Bg5 h6 11. Bh4 Nbd7 12. Rad1 Qa5 13. Rfe1 d5 14. a3 b5 15. e5 Nh7
16. Na2 Qb6 17. c3 c5 18. Nc1 cxd4 19. cxd4 Rac8 $132 {Hassapis,M-Murshed,N,
Eastbourne ch-GB 1990}) 10. Be3 Qa5 11. Ne2 (11. Rad1 $5 Na6 12. Qe2 $14 {
/\f4-f5->}) 11... c5 $1 $132 12. c3 Nc6 13. Rfd1 (13. d5 Nce5 14. Qg3 Nd3 $5 (
14... c4 15. Bc2 Nc5 16. b4 $1 $16) 15. Bg5 c4 $132) 13... Qb5 {/\c4} 14. Nf4
cxd4 (14... c4 $6 15. Qe2 Nb6 16. Rab1 $16 {[+],/\} Qa6 17. Bc2 Qxa2 $2 18. Ra1
Qxb2 19. Qd2 $18) 15. cxd4 Nb6 (15... Na5 $6 16. Nd5 $36 {/\Nc7,Ne7}) 16. Qe2
$8 Qxe2 17. Nxe2 Na5 18. Rdc1 Rfc8 (18... Nxb3 $6 19. axb3 $36 {<->c,><a7}) 19.
Rxc8+ Rxc8 20. Bd1 {_|_^^} d5 $1 21. e5 Nbc4 (21... e6 $5 $10) 22. Bc1 Nc6 23.
b3 Nb6 24. f4 e6 25. Ba3 (25. g4 Bf8 26. a3 {/\Be3,Ng3,f5|^,()}) 25... Bf8 26.
Bxf8 Kxf8 $10 27. Rc1 Ke7 28. Kf2 (28. g4 $142) 28... h5 29. g3 (29. g4 hxg4
30. hxg4 Rh8 $132) 29... Kd7 30. Ke3 a6 31. Bc2 Na8 $6 (31... Ne7 32. Bd3 Rxc1
$10) 32. Bd3 Nc7 33. Nc3 b5 34. Ne2 b4 35. Rc2 a5 36. Ng1 Ra8 37. Nf3 a4 38.
Nd2 $1 {/\ba4,Nb3-c5} (38. bxa4 $6 Rxa4 {/\} 39. Nd2 Nxd4 $1 $19) 38... a3 $8
39. Nf3 Na5 {/\Nb3-+} 40. Rc1 Nc6 41. Ng5 Nd8 42. g4 $36 h4 $5 (42... hxg4 43.
hxg4 $16 {/\Rh1,f5->}) 43. Bf1 (43. Nf3 Nc6 {/\Na7-b5-c3<=>}) (43. f5 $142 gxf5
44. gxf5 $36) 43... Rb8 $1 44. Nf3 Nc6 45. Nxh4 Na7 $132 46. Nf3 Ncb5 47. Bxb5+
Nxb5 48. Ng1 Nc3 49. Rc2 {/\Ne2} (49. Ne2 $2 Nxa2 50. Rc2 Nc3 51. Nxc3 bxc3 52.
Rxc3 a2 $19) 49... Rh8 50. Kd3 Ne4 51. Ke3 Nc3 52. Kd3 $10 Ne4 53. Ke3 g5 $5
54. fxg5 Nxg5 55. Rh2 Rc8 56. h4 Ne4 (56... Rc3+ $6 57. Kf4 Ne4 58. h5 $16) 57.
h5 Ke7 58. Nf3 Kf8 59. h6 Kg8 60. Kf4 {/\Ng5} Rc1 $1 $8 61. h7+ Kh8 62. g5 Rb1
{/\Rb2} 63. Rh6 Ra1 $1 (63... Rb2 64. Nh4 $1 Rf2+ 65. Ke3 {/\g6+-}) 64. Rh2 $10
(64. Nh4 $2 Rf1+ $17 {><a2}) 64... Rb1 65. Rh6 Ra1 66. Rh2 {[Stohl]} 1/2-1/2

[Event "Groningen PCA"]
[Site "Groningen"]
[Date "1993.??.??"]
[Round "10"]
[White "Rozentalis, Eduardas"]
[Black "Nijboer, Friso"]
[Result "1-0"]
[WhiteElo "2600"]
[BlackElo "2555"]
[Annotator "Stohl,I"]
[PlyCount "99"]
[EventDate "1993.12.??"]
[EventType "swiss"]
[EventRounds "11"]
[EventCountry "NED"]
[SourceTitle "CBM 039"]
[Source "ChessBase"]
[SourceDate "1994.04.01"]
[SourceVersion "1"]
[SourceVersionDate "1994.04.01"]
[SourceQuality "1"]

1. e4 d6 2. d4 Nf6 3. Nc3 g6 4. Nf3 Bg7 5. Be2 O-O 6. O-O Bg4 7. Be3 Nc6 8. Bb5
$5 (8. d5 Bxf3 9. Bxf3 Ne5 10. Be2 c6 11. f4 Ned7 12. dxc6 bxc6 13. Bf3 Rb8 14.
Rb1 Qc7 15. Qe2 e5 $5 16. Qf2 exf4 17. Bxf4 Ne5 18. Bxe5 dxe5 19. Be2 Rb4 $1
20. Bd3 Ng4 21. Qe2 h5 $13 {Tregubov,P-Tseshkovsky,V/Rostov op/1993/}) (8. Ne1
Bxe2 9. Qxe2 e5 10. dxe5 Nxe5 11. Rd1 Re8 12. Nd3 Nc4 13. Bg5 h6 14. Bh4 Qc8
15. h3 c6 16. b3 Nb6 $10 {Geller,E-Balashov,Y/Moscow/1981/}) 8... Nd7 (8... a6
9. Bxc6 bxc6 10. h3 Bc8 11. Qd2 Rb8 12. b3 Bb7 13. Bh6 (13. e5 Nd7 {/\c5})
13... c5 14. Bxg7 Kxg7 15. d5 {Johansen,D-Ingenerf,S/Elberfeld/1986/} c6 $5
$132) 9. Bxc6 bxc6 10. h3 Bxf3 11. Qxf3 e5 (11... Rb8 $5 $132) 12. Rad1 Qb8 13.
b3 Qb4 14. Ne2 Qa3 15. Nc1 c5 $5 $146 (15... exd4 16. Bxd4 Bxd4 17. Rxd4 c5 (
17... Qc5 $5 18. Qd1 f5 $132) 18. Rd2 Rfe8 19. Re1 a5 20. Ne2 Qxa2 21. Nc3 Qb2
22. Rb1 Qa3 23. Nd5 Ra7 24. Qc3 $16 {Rozentalis,E-Nijboer,F/Groningen/1992/})
16. dxc5 (16. dxe5 Nxe5 17. Qe2 Nc6 $10) 16... Nxc5 17. Bxc5 $8 (17. Rd2 f5 $36
) 17... Qxc5 18. c4 a5 19. Rd5 (19. Nd3 Qc6 $10 {/\a4,f5}) 19... Qa3 20. c5 $5
dxc5 21. Qc3 Qb4 $1 (21... a4 22. Rxc5 axb3 23. axb3 $14) 22. Qc2 (22. Qxb4
cxb4 $15) 22... Rfd8 23. Rfd1 (23. Rxc5 Rd2 24. Qc3 Qxc3 25. Rxc3 Bf8 $10)
23... Rxd5 24. Rxd5 Bh6 $1 25. Nd3 $8 (25. Rxc5 $2 Qe1+ 26. Kh2 Bf4+ 27. g3
Bxc1 28. Qxc1 Qxf2+ $19) 25... Qxe4 26. Rxe5 Qd4 27. Re2 (27. Rxc5 Rd8 $36)
27... a4 (27... c4 28. bxc4 Rd8 $10) 28. Nxc5 a3 $2 (28... axb3 29. Nxb3 Qd6
$10) 29. g3 Rd8 30. Kh2 $14 {><c7} Bf8 31. Ne4 Qd3 32. Kg2 Qxc2 33. Rxc2 f5 34.
Ng5 c5 {><c5,a3} (34... Bd6 $142 $5 $14) 35. Nf3 Rd1 36. Nd2 $16 {/\Nc4} Bg7 (
36... Bh6 37. Nc4 Bc1 38. Kf3 $16) 37. Nc4 Bb2 38. Nxb2 axb2 39. Rxb2 Rc1 40.
a4 Kf7 (40... Ra1 $5 $8 41. Rc2 Ra3 $16) 41. Ra2 $1 $18 Rc3 42. a5 Rxb3 43. a6
Rb8 44. a7 Ra8 45. Kf3 {צa8} Ke6 46. Ke3 Kd5 47. Kd3 g5 (47... c4+ 48. Kc3 Kc5
49. f4 Kb5 50. Ra1 Kc5 51. Ra4 Kb5 52. Rb4+ Ka5 53. Rb7 $18) 48. Ra5 g4 49. h4
h5 50. Ra3 (50. Ra3 c4+ (50... Kc6 51. Kc4 Kb6 52. Kd5 $18) 51. Kc3 Kc5 52.
Ra5+ $18) 1-0

[Event "Beersheba"]
[Site "Beersheba"]
[Date "1992.??.??"]
[Round "10"]
[White "Tseitlin, Mark D"]
[Black "Chernin, Alexander"]
[Result "1/2-1/2"]
[WhiteElo "2440"]
[BlackElo "2620"]
[Annotator "Stohl,I"]
[PlyCount "90"]
[EventDate "1992.03.??"]
[EventType "schev"]
[EventRounds "3"]
[EventCountry "ISR"]
[SourceTitle "CBM 030"]
[Source "ChessBase"]
[SourceDate "1992.10.01"]
[SourceVersion "1"]
[SourceVersionDate "1992.10.01"]
[SourceQuality "1"]

1. e4 d6 2. d4 Nf6 3. Nc3 g6 4. Nf3 Bg7 5. Be2 O-O 6. O-O Bg4 7. h3 Bxf3 8.
Bxf3 Nc6 9. Nb5 (9. Be3 e5 10. dxe5 (10. d5 Ne7 11. Ne2 Nd7 12. c4 f5 13. Nc3
Nf6 14. c5 fxe4 15. Bxe4 Nf5 16. Qd3 Nxe3 17. Qxe3 Rf7 18. cxd6 cxd6 19. Bf3
Qf8 20. Ne4 Nxe4 21. Qxe4 Rf4 $10 {Johanessen,S-Bern,I,NO-ch Gjovik 1991-TD
91_06}) 10... dxe5 11. Ne2 Qe7 $5 (11... Qxd1 12. Rfxd1 Rfd8 13. c3 $14 {
_|_^^,Razuvaev,Y-Azmaiparashvili,URS-ch 1983}) 12. c3 Rfb8 $1 13. b4 a5 14. b5
$2 (14. a3 h5 $10) 14... Nd8 15. Qa4 Ne6 16. Rfd1 h5 $1 17. Rd2 Kh7 18. Rad1
Bh6 19. Bxh6 Kxh6 $17 {Plachetka,J-Azmaiparashvili,Z,Stary Smokovec 1983}) (9.
Ne2 e5 10. c3 Re8 (10... Qe8 11. Re1 Rd8 12. d5 Ne7 13. c4 Nd7 14. Nc3 Nb6 15.
Qd3 f5 16. Rb1 c6 17. Be3 Qf7 18. b4 cxd5 19. cxd5 Kh8 $13 {Arkell,S-Mishra,N,
Eastbourne ch-GB 1991}) 11. d5 Ne7 12. c4 Nd7 13. Nc3 f5 14. Rb1 Kh8 15. b4 b6
16. a3 Ng8 17. exf5 gxf5 18. Bh5 Rf8 19. f4 Qh4 20. Nb5 Ngf6 21. Bf3 Ne8 22.
Qa4 Rg8 $13 {Rogers,I-Hoi,C,Vejstrup 1989-CBM 15}) 9... e5 10. c3 Kh8 $5 {
N;/\Ng8,Bh6,f5<=>} (10... a6 11. Na3 exd4 12. cxd4 Nd7 13. Be3 Nb6 14. Qd2 d5
15. e5 f6 16. exf6 Qxf6 17. Rfd1 Qd6 18. Be2 Rf7 19. Rac1 Qb4 20. Qxb4 Nxb4 $10
{Okhotnik,V-Petran,Pe,Capelle op 1989-TD 89_04}) 11. Re1 (11. Be3 $6 {><e4} a6
12. Na3 exd4 $5 13. cxd4 d5 (13... Re8 14. Qc2 Qe7 15. e5 $36) 14. e5 Ne4 $36 {
/\f6,Ng5-e6><d4}) (11. dxe5 Nxe5 $10) 11... a6 12. Na3 Ng8 13. Nc2 (13. d5 $6
Nce7 14. c4 a5 15. Nc2 Bh6 $15) (13. dxe5 $5 dxe5 (13... Nxe5 14. Be2 Qh4 15.
Bf1 $14 {[+]}) 14. Nc4 Bh6 15. Ne3 Qxd1 16. Rxd1 Rad8 17. Bd2 $14 {
/\Kf1-e2_|_^^}) 13... Qe8 14. a4 Rb8 (14... f5 15. exf5 gxf5 16. dxe5 dxe5 $8
17. Bf4 e4 18. Bh5 $36) 15. a5 (15. b4 $5 $13) 15... f5 16. exf5 gxf5 17. Bf4 (
17. dxe5 Nxe5 $1 {/\f4} 18. Bf4 Bh6 $10) 17... Nge7 (17... e4 $5 18. Bh5 Qd7
19. d5 Nce7 $132 {/\Nf6,Ng6} (19... Ne5 20. Nd4 {><e6})) 18. Bh5 (18. Bg5 Qg6
19. Bxe7 Nxe7 $10) 18... Ng6 $8 19. Bg5 Qf7 20. d5 (20. dxe5 dxe5 $10) 20...
Nce7 21. Bxe7 Qxe7 22. Bxg6 (22. Nd4 $6 Nf4 $15) 22... hxg6 23. Nd4 Rfc8 $1
$132 24. Ne6 c6 25. c4 cxd5 26. cxd5 Rc4 27. Rc1 Rbc8 28. Qd2 Kh7 $1 29. Rxc4
Rxc4 30. Qd3 (30. Rc1 $2 Bh6 $19) 30... Rc8 31. Qb1 Bh6 $1 {<->c} 32. b4 Qd7 $2
(32... e4 $13 {/\Qh4,Bd2}) 33. g4 $1 e4 $8 (33... fxg4 34. hxg4 Rc4 35. g5 (35.
f3 $5 Qe7 (35... e4 36. Rxe4 $1 Rc1+ 37. Qxc1 Bxc1 38. Nf8+ $18) (35... Qb5 36.
g5 Rxb4 37. Qc2 Rc4 38. Qh2 $18) 36. Kg2 $16) 35... Rg4+ 36. Kh2 Rxg5 (36...
Bg7 37. Re4 $18) 37. Nxg5+ Bxg5 38. f3 Bf4+ 39. Kg2 $16) 34. g5 Bg7 35. Rc1 Be5
$5 (35... Kg8 36. Rc2 Be5 37. Qc1 Rxc2 38. Qxc2 $16 {<->c,/\h4,Kg2,f3,h5->} Qb5
$2 39. Qc8+ Kh7 40. Qc7+ Kg8 41. Qd8+ Kh7 42. Qe7+ Kg8 43. Qf8+ Kh7 44. Qf7+
$18) 36. Rc7 $6 (36. Rc2 $1 $36 {/\Qc1<->c}) 36... Qxc7 $8 {<=>} 37. Nxc7 Rxc7
38. Kg2 (38. b5 axb5 39. Qxb5 f4 $10) 38... Rc4 39. b5 f4 40. h4 $8 (40. bxa6
f3+ 41. Kf1 bxa6 42. Qb7+ Kg8 43. Qb8+ Kf7 44. Qb7+ Ke8 45. Qb8+ Kd7 46. Qb7+
Rc7 47. Qb1 Bf4 $19) 40... axb5 41. Qxb5 f3+ 42. Kh3 Rc1 $10 {/\Rh1-g1} 43.
Qd7+ Kg8 44. Qe6+ Kg7 45. Qe7+ Kg8 {[Stohl]} 1/2-1/2